Periodic table - Statistics

General Stats
  • This quiz has been taken 1,110 times
    550 since last reset
  • The average score is 64 of 118
Answer Stats
Abbreiveated element Atomic number Answer % Correct
He 2 Helium
96%
H 1 Hydrogen
96%
Li 3 Lithium
94%
O 8 Oxygen
93%
C 6 Carbon
92%
N 7 Nitrogen
92%
Mg 12 Magnesium
91%
B 5 Boron
90%
Zn 30 zinc
90%
Na 11 Sodium
89%
Fe 26 Iron
88%
Ne 10 Neon
88%
Ca 20 calcium
87%
K 19 Potassium
87%
Ar 18 Argon
86%
Cu 29 Copper
86%
Ag 47 Silver
86%
Si 14 Silicon
85%
Cl 17 Chlorine
84%
Au 79 Gold
83%
Ni 28 Nickel
82%
Al 13 Aluminium
80%
Be 4 Beryllium
80%
Kr 36 Krypton
80%
Ti 22 Titanium
80%
Co 27 Cobalt
79%
Mn 25 Manganese
78%
Br 35 Bromine
77%
F 9 Fluorine
77%
S 16 Sulfur
76%
Xe 54 Xenon
76%
I 53 Iodine
74%
P 15 phosphorus
74%
Cr 24 Chromium
72%
Ge 32 Germanium
72%
Pb 82 Lead
72%
Sn 50 Tin
72%
As 33 Arsenic
71%
Ga 31 Gallium
70%
Sc 21 Scandium
67%
V 23 Vanadium
67%
Hg 80 Mercury
66%
Rb 37 Rubidium
66%
Ba 56 Barium
65%
Se 34 Selenium
65%
Zr 40 Zirconium
65%
Cd 48 Cadmium
62%
Fr 87 Francium
61%
Y 39 Yttrium
60%
Rn 86 Radon
59%
Sr 38 Strontium
59%
W 74 Tungsten
59%
Pt 78 Platinum
57%
Pu 94 Plutonium
57%
U 92 Uranium
57%
In 49 Indium
56%
Ir 77 Iridium
55%
Ra 88 Radium
55%
Pd 46 Palladium
53%
Rh 45 Rhodium
53%
Sb 51 Antimony
51%
Bi 83 Bismuth
51%
Po 84 Polonium
51%
Es 99 Einsteinium
49%
Eu 63 Europium
48%
Mo 42 Molybdenum
47%
Os 76 Osmium
46%
Te 52 Tellurium
46%
Hf 72 Hafnium
45%
Cf 98 Californium
44%
Nb 41 Niobium
42%
Tc 43 Technetium
42%
Am 95 Americium
41%
Cs 55 Caesium
41%
Ce 58 Cerium
41%
Rf 104 Rutherfordium
41%
At 85 Astatine
39%
La 57 Lanthanum
39%
Np 93 Neptunium
39%
Ru 44 Ruthenium
39%
Yb 70 ytterbium
39%
Ac 89 Actinium
38%
Er 68 Erbium
38%
Tl 81 Thallium
38%
Cm 96 Curium
36%
Ho 67 Holmium
36%
No 102 Nobelium
35%
Sm 62 Samarium
33%
Pm 61 Promethium
32%
Re 75 Rhenium
32%
Nd 60 Neodymium
31%
Tb 65 Terbium
31%
Dy 66 Dysprosium
30%
Gd 64 Gadolinium
30%
Lr 103 Lawrencium
30%
Lu 71 Lutetium
30%
Th 90 Thorium
30%
Bh 107 Bohrium
29%
Pr 59 Praseodymium
29%
Fm 100 Fermium
28%
Md 101 Mendelevium
28%
Bk 97 Berkelium
27%
Db 105 Dubnium
25%
Hs 108 Hassium
25%
Sg 106 Seaborgium
25%
Lv 116 Livermorium
24%
Tm 69 Thulium
24%
Ds 110 Darmstadtium
23%
Pa 91 Protactinium
23%
Cn 112 Copernicium
22%
Mt 109 Meitnerium
20%
Rg 111 Roentgenium
20%
Fl 114 Flerovium
19%
Uup 115 Ununpentium
17%
Uuo 118 Ununoctium
16%
Uus 117 Ununseptium
16%
Uut 113 Ununtrium
15%
Ta 73 Copemicium
1%
No matching quizzes found
Score Distribution
Percent of People with Each Score
Percentile by Number Answered
Your Score History
You have not taken this quiz since the last reset